|
|
|
|
| LEADER |
00000nab a2200000 a 4500 |
| 001 |
vtls000801244 |
| 003 |
SK-MaSNL |
| 005 |
20260319074848.0 |
| 008 |
160314c2002 xo 0 hun |
| 015 |
|
|
|a SNBRB2002/07-22950
|
| 035 |
|
|
|a CLN000152899
|
| 040 |
|
|
|a SNKBUCL
|b slo
|c SNKBUCL
|e AACR2
|
| 041 |
0 |
|
|a slo
|
| 044 |
|
|
|a xo
|c SK
|
| 080 |
|
|
|a 82:929:894.511 (437.6)
|2 UDC-MRF-SK2
|
| 080 |
|
|
|a 894.511 (437.6):929
|2 UDC-MRF-SK2
|
| 080 |
|
|
|a 929 Csehy, Zoltán
|2 UDC-MRF-SK2
|
| 100 |
1 |
|
|a Bernád, Emese,
|d 1972-
|4 ain
|9 845051
|
| 245 |
1 |
0 |
|a A nő és a férfi
|c Bernád Emese, Csehy Zoltán
|
| 300 |
|
|
|b Fotogr.
|
| 600 |
1 |
7 |
|a Csehy, Zoltán,
|d 1973-
|2 snkbucl
|9 86541
|
| 651 |
|
7 |
|a 201
|2 snkbucl
|9 294639
|
| 700 |
1 |
|
|a Csehy, Zoltán,
|d 1973-
|4 aut
|4 uin
|9 86541
|
| 773 |
0 |
|
|x 1335-938X
|t Új nő
|g Č. 6 (2002), s. 14-15
|
| 850 |
|
|
|a Slovenská národná knižnica v Martine
|
| 852 |
|
|
|a SNK
|b KIS3GCP
|
| 958 |
|
|
|a HU
|
| 958 |
|
|
|a SK
|
| 958 |
|
|
|a LX
|
| 958 |
|
|
|a BX
|
| 958 |
|
|
|a RBX
|
| 999 |
|
|
|c 1362015
|d 1363945
|